Κατάλογος Βιβλιοθηκών Mediterranean College

Ορθοπαιδική Αποκατάσταση στην Κλινική Π΄ραξη / Με Βιβλιογραφική Τεκμηρίωση: Δεύτερη Ελληνική Έκδοση (Record no. 9727)

MARC details
000 -LEADER
fixed length control field 01758cam a22003014a 4500
005 - ΗΜΕΡΟΜΗΝΙΑ ΚΑΙ ΩΡΑ ΤΕΛΕΥΤΑΙΑΣ ΕΝΗΜΕΡΩΣΗΣ
Πεδίο ελέγχου 20250605164408.0
008 - FIXED-LENGTH DATA ELEMENTS--GENERAL INFORMATION
Πεδίο ελέγχου σταθερού μήκους 250528s ||||||||||||||||||||||||d
035 ## - SYSTEM CONTROL NUMBER
System control number 24892
020 ## - ISBN
ISBN 9789606802775
040 ## - ΠΗΓΗ ΚΑΤΑΛΟΓΟΓΡΑΦΗΣΗΣ
Φορέας πρωτότυπης καταλογογράφησης MC Athens Campus Library
Γλώσσα καταλογογράφησης Ελληνικά, Μοντέρνα (1453-)
Modifying agency MC Athens Campus Library
Κανόνες περιγραφικής καταλογογράφησης AACR2
245 1# - ΤΙΤΛΟΣ ΚΑΙ ΔΗΛΩΣΗ ΥΠΕΥΘΥΝΟΤΗΤΑΣ
Τίτλος Ορθοπαιδική Αποκατάσταση στην Κλινική Π΄ραξη / Με Βιβλιογραφική Τεκμηρίωση: Δεύτερη Ελληνική Έκδοση
250 ## - EDITION STATEMENT
Edition statement
260 ## - PUBLICATION, DISTRIBUTION, ETC.
Name of publisher, distributor, etc. Κωνσταντάρας,
Date of publication, distribution, etc. 2015
300 ## - PHYSICAL DESCRIPTION
Extent 588
520 ## - SUMMARY, ETC.
Summary, etc. Εφαρμόστε τις πιο αποτελεσματικές τεχνικές αποκατάστασης ακολουθώντας τα σύγχρονα και τεκμηριωμένα πρωτόκολλα για τις πιο συνηθισμένες αθλητικές κακώσεις και μετεγχειρητικές καταστάσεις. Κακώσεις του Χεριού και του Καρπού, Κακώσεις του Αγκώνα, Κακώσεις του Ώμου, Κακώσεις του Γόνατου, Κακώσεις της Ποδοκνημικής και του Άκρου Ποδιού, Το Αρθρητικό Κάτω Άκρο, Ειδικά Θέματα, Παθήσεις Σπονδυλικής Στήλης, Γλωσσάρι, Ευρετήριο.
700 1# - ΠΡΟΣΘΕΤΗ ΑΝΑΓΡΑΦΗ--ΦΥΣΙΚΟ ΠΡΟΣΩΠΟ
Personal name Brotzman Brent S
9 (RLIN) 9638
700 1# - ΠΡΟΣΘΕΤΗ ΑΝΑΓΡΑΦΗ--ΦΥΣΙΚΟ ΠΡΟΣΩΠΟ
Personal name Manske Robert C
9 (RLIN) 9639
700 1# - ΠΡΟΣΘΕΤΗ ΑΝΑΓΡΑΦΗ--ΦΥΣΙΚΟ ΠΡΟΣΩΠΟ
Personal name Γεωργούδης Γ
9 (RLIN) 9572
700 1# - ΠΡΟΣΘΕΤΗ ΑΝΑΓΡΑΦΗ--ΦΥΣΙΚΟ ΠΡΟΣΩΠΟ
Personal name Κούτρας Γ
9 (RLIN) 9573
700 1# - ΠΡΟΣΘΕΤΗ ΑΝΑΓΡΑΦΗ--ΦΥΣΙΚΟ ΠΡΟΣΩΠΟ
Personal name Μπίλλη Ε
9 (RLIN) 9574
700 1# - ΠΡΟΣΘΕΤΗ ΑΝΑΓΡΑΦΗ--ΦΥΣΙΚΟ ΠΡΟΣΩΠΟ
Personal name Στριμπάκος Ν
9 (RLIN) 9576
700 1# - ΠΡΟΣΘΕΤΗ ΑΝΑΓΡΑΦΗ--ΦΥΣΙΚΟ ΠΡΟΣΩΠΟ
Personal name Τρίγκας Π
9 (RLIN) 9640
700 1# - ΠΡΟΣΘΕΤΗ ΑΝΑΓΡΑΦΗ--ΦΥΣΙΚΟ ΠΡΟΣΩΠΟ
Personal name Τσέπης Η
9 (RLIN) 9577
700 1# - ΠΡΟΣΘΕΤΗ ΑΝΑΓΡΑΦΗ--ΦΥΣΙΚΟ ΠΡΟΣΩΠΟ
Personal name Φουσέκης Κ
9 (RLIN) 9578
942 ## - ADDED ENTRY ELEMENTS (KOHA)
Koha item type Books
Holdings
Τύπος τεκμηρίου Βιβλιοθήκη Τρέχουσα τοποθεσία Barcode Αριθμός εισαγωγής Ημερομηνία απόκτησης Ταξιθετικό σύμβολο Αριθμός αντιτύπου Κατάσταση απόσυρσης Κατάσταση χαμένου Κατάσταση κατεστραμμένου Μη δανεισμός Σύνολο δανεισμών Ημερομηνία τελευταίας εμφάνισης Η τιμή ισχύει από
Books MC Athens Campus Library MC Athens Campus Library 9780000097262 7827 05/06/2025 616.7/06515 BRO 1           05/06/2025 05/06/2025

MC Athens Campus Library
Πατησίων 94 & Κοδριγκτώνος 13, 104 34
Πελλήνης 8 & Πατησίων 107, 112 51
Τ: +30 210 8899600

MC Thessaloniki Campus Library
Ίωνος Δραγούμη 21, 54625 | Ίωνος Δραγούμη 15, 54625
Τ: +30 2310 287779 – Τ: +30 2314 440300